[Event "Barranquilla Carnaval Cup"]
[Site "Barranquilla"]
[Date "2024.02.05"]
[Round "5"]
[White "Brizuela Abreu, Ronald Jesus"]
[Black "Borre Meza, Orlando David"]
[Result "1-0"]
[WhiteElo "2311"]
[BlackElo "1838"]
[PlyCount "125"]
[EventDate "2024.02.03"]
[EventType "swiss"]
[EventRounds "9"]
[EventCountry "COL"]
[SourceTitle "CB07_2024"]
[SourceDate "2024.02.14"]
[SourceVersion "1"]
[SourceVersionDate "2024.02.14"]
[SourceQuality "1"]

1. d4 d5 2. Nf3 Nf6 3. c4 e6 4. Nc3 Be7 5. Bg5 0-0 6. e3 b6 7. Rc1 Bb7 8. cxd5 exd5 9. Be2 Nbd7 10. 0-0 c5 11. Qc2 Ne4 12. Bxe7 Qxe7 13. dxc5 Ndxc5 14. Rfd1 Rac8 15. Nd4 Qf6 16. Bg4 Nxc3 17. Qxc3 Ne4 18. Qe1 Rxc1 19. Rxc1 Nc5 20. Qc3 Ne4 21. Qc2 h5 22. Bf5 g6 23. Bxe4 dxe4 24. Qa4 Bd5 25. Qxa7 Ra8 26. Qd7 Rd8 27. Rc8 Rxc8 28. Qxc8+ Kg7 29. a3 Qd6 30. Qc3 Kh7 31. h3 h4 32. Qc8 Kg7 33. b4 Qe7 34. Qb8 Qd7 35. Kh2 Qb7 36. Qe5+ Kg8 37. Qf4 Qa7 38. Qxh4 Kg7 39. Qf4 Kg8 40. Qd6 Qb7 41. a4 Bc4 42. Qc6 Qxc6 43. Nxc6 Kf8 44. Nd4 Ke7 45. h4 Kd6 46. Kg3 Ke5 47. Kg4 f6 48. h5 gxh5+ 49. Kxh5 Bf7+ 50. Kg4 f5+ 51. Kg5 f4 52. a5 fxe3 53. fxe3 bxa5 54. bxa5 Kd6 55. Kf6 Bc4 56. g4 Kc5 57. g5 Bg8 58. g6 Kc4 59. a6 Kd3 60. Nf5 Ke2 61. a7 Bd5 62. g7 Kf2 63. Ke5 1-0

[Event "Barranquilla Carnaval Cup"]
[Site "Barranquilla"]
[Date "2024.02.03"]
[Round "2"]
[White "Acosta Ojeda, Edson de Jesus"]
[Black "Brizuela Abreu, Ronald Jesus"]
[Result "0-1"]
[WhiteElo "1212"]
[BlackElo "2311"]
[PlyCount "68"]
[EventDate "2024.02.03"]
[EventType "swiss"]
[EventRounds "9"]
[EventCountry "COL"]
[SourceTitle "CB07_2024"]
[SourceDate "2024.02.14"]
[SourceVersion "1"]
[SourceVersionDate "2024.02.14"]
[SourceQuality "1"]

1. e4 c5 2. Nf3 e6 3. Bc4 a6 4. 0-0 b5 5. Be2 Nc6 6. d4 cxd4 7. Nxd4 Qc7 8. Nc3 Bb7 9. Bf3 Nf6 10. Re1 Ne5 11. Bf4 d6 12. Qe2 Be7 13. b4 Qxc3 14. Qd2 Qxd2 15. Bxd2 Nxf3+ 16. Nxf3 Bxe4 17. Nd4 Kd7 18. Bg5 Bd5 19. f3 Rhc8 20. Re2 Rc4 21. Be3 Rxb4 22. c3 Rc4 23. Rc2 Rac8 24. Rac1 Bd8 25. Ne2 b4 26. Bd4 e5 27. Be3 bxc3 28. Rxc3 Rxc3 29. Nxc3 Ba5 30. Bd2 Bxc3 31. Rxc3 Rxc3 32. Bxc3 Bxa2 33. Kf2 Kc6 34. Ke3 Nd5+ 0-1

[Event "Velez op 10th"]
[Site "Velez Santander"]
[Date "2023.11.03"]
[Round "6"]
[White "Vivas Zamora, Fabian Ernesto"]
[Black "Brizuela Abreu, Ronald Jesus"]
[Result "1/2-1/2"]
[WhiteElo "2375"]
[BlackElo "2326"]
[PlyCount "119"]
[EventDate "2023.11.01"]
[EventType "swiss"]
[EventRounds "10"]
[EventCountry "COL"]
[SourceTitle "Mega2024 Update 01"]
[Source "Chessbase"]
[SourceDate "2023.11.12"]
[SourceVersion "1"]
[SourceVersionDate "2023.11.12"]
[SourceQuality "1"]

1. e4 e6 2. d4 d5 3. Nd2 dxe4 4. Nxe4 Nd7 5. Nf3 Ngf6 6. Nxf6+ Nxf6 7. g3 b6 8. Bb5+ Bd7 9. a4 a6 10. Be2 Bc6 11. 0-0 Be7 12. Ne5 Bb7 13. Bf3 Bxf3 14. Qxf3 Qd5 15. Qxd5 Nxd5 16. Bd2 Bf6 17. f4 Ne7 18. Be3 h5 19. h3 Rd8 20. Rfd1 Bxe5 21. dxe5 Nc6 22. c4 Ke7 23. Kf2 Rxd1 24. Rxd1 Rb8 25. Ke2 Rg8 26. b3 Rb8 27. Rd3 b5 28. cxb5 axb5 29. Rc3 Kd7 30. Rd3+ Kc8 31. Rc3 Nb4 32. axb5 Rxb5 33. g4 hxg4 34. hxg4 Nd5 35. Rd3 Ra5 36. Bd2 Ra2 37. Rf3 Kd7 38. f5 Ra1 39. Rh3 Rg1 40. Kf3 Ne7 41. Rh7 exf5 42. Rxg7 fxg4+ 43. Kf2 Rb1 44. Rxf7 Ke6 45. Rg7 Rxb3 46. Rxg4 Kxe5 47. Bf4+ Kf5 48. Rg7 Kf6 49. Be5+ Kxe5 50. Rxe7+ Kd6 51. Re1 Kd5 52. Ke2 Kd4 53. Rd1+ Kc4 54. Rd7 c5 55. Kd2 Rh3 56. Rc7 Rh2+ 57. Kc1 Kb4 58. Rg7 Rh3 59. Kc2 Ra3 60. Kb2 1/2-1/2

[Event "Velez Nor"]
[Site "Velez"]
[Date "2023.10.28"]
[Round "8"]
[White "Paredes Lagos, Anthony Javier"]
[Black "Brizuela Abreu, Ronald Jesus"]
[Result "1-0"]
[WhiteElo "2362"]
[BlackElo "2338"]
[PlyCount "53"]
[EventDate "2023.10.25"]
[EventType "tourn"]
[EventRounds "9"]
[EventCountry "COL"]
[SourceTitle "Mega2024 Update 01"]
[Source "Chessbase"]
[SourceDate "2023.11.12"]
[SourceVersion "1"]
[SourceVersionDate "2023.11.12"]
[SourceQuality "1"]

1. d4 c6 2. Nf3 d5 3. g3 Nf6 4. Bg2 g6 5. 0-0 Bg7 6. c4 0-0 7. cxd5 cxd5 8. Nc3 Nc6 9. Ne5 Bf5 10. Bf4 Ne4 11. Nxe4 Bxe4 12. Nxc6 bxc6 13. Bxe4 dxe4 14. Be3 e5 15. dxe5 Bxe5 16. Qc2 Qf6 17. Rab1 Bd4 18. Bxd4 Qxd4 19. e3 Qe5 20. Qxc6 Rad8 21. Rfc1 Rd5 22. b4 Rfd8 23. Rc5 Qh5 24. Rxd5 Qxd5 25. Qxd5 Rxd5 26. Rb3 Kf8 27. Ra3 1-0

[Event "Velez Nor"]
[Site "Velez"]
[Date "2023.10.25"]
[Round "2"]
[White "Heredia Serrano, Carla Sofia"]
[Black "Brizuela Abreu, Ronald Jesus"]
[Result "0-1"]
[WhiteElo "2063"]
[BlackElo "2338"]
[PlyCount "72"]
[EventDate "2023.10.25"]
[EventType "tourn"]
[EventRounds "9"]
[EventCountry "COL"]
[SourceTitle "Mega2024 Update 01"]
[Source "Chessbase"]
[SourceDate "2023.11.12"]
[SourceVersion "1"]
[SourceVersionDate "2023.11.12"]
[SourceQuality "1"]

1. e4 e6 2. d4 d5 3. e5 c5 4. c3 Nc6 5. Nf3 Nh6 6. Bd3 cxd4 7. cxd4 Nf5 8. Bxf5 exf5 9. 0-0 Be7 10. Nc3 Be6 11. a3 Rc8 12. Qd3 Qd7 13. Bg5 Bf8 14. Rfc1 h6 15. Bd2 Be7 16. Na4 b6 17. b4 0-0 18. Nb2 g5 19. b5 Na5 20. Bxa5 bxa5 21. Na4 Rc4 22. Nb2 Rxc1+ 23. Rxc1 Rc8 24. Ra1 Qc7 25. Nd2 Qc2 26. Rb1 f4 27. Qxc2 Rxc2 28. Nb3 Bf5 29. Nxa5 Bxa3 30. Nd1 Bf8 31. Ra1 Bd3 32. Nc6 Bxb5 33. Nxa7 Be2 34. h3 Rc7 35. Nb2 Bb4 36. Ra2 Rc2 0-1

[Event "Bucaramanga op"]
[Site "Bucaramanga"]
[Date "2023.09.06"]
[Round "1"]
[White "Olarte Mateus, Juan Vicente"]
[Black "Brizuela Abreu, Ronald Jesus"]
[Result "0-1"]
[WhiteElo "1888"]
[BlackElo "2333"]
[PlyCount "144"]
[EventDate "2023.09.06"]
[EventType "swiss"]
[EventRounds "9"]
[EventCountry "COL"]
[SourceTitle "EXT 2024"]
[Source "ChessBase"]
[SourceDate "2023.10.10"]
[SourceVersion "1"]
[SourceVersionDate "2023.10.10"]
[SourceQuality "1"]

1. e4 c6 2. d4 d5 3. exd5 cxd5 4. c4 Nf6 5. Nc3 Nc6 6. Nf3 Bg4 7. Be2 e6 8. 0-0 dxc4 9. Bxc4 Be7 10. d5 exd5 11. Nxd5 Nxd5 12. Qxd5 0-0 13. Qe4 Bxf3 14. Qxf3 Ne5 15. Qb3 Nxc4 16. Qxc4 Bf6 17. Qb3 Qb6 18. Qf3 Rac8 19. Rb1 Rc2 20. Be3 Qa6 21. b4 b6 22. b5 Qxa2 23. Qb7 h6 24. Rbd1 Qa4 25. Rd7 Ra2 26. Qc6 Ra1 27. g3 Ra3 28. Rd5 Qg4 29. Rd7 Bg5 30. Bxg5 Qxg5 31. Re1 Ra5 32. Rd5 Qg4 33. Kg2 Ra3 34. Rd7 Qf5 35. Ree7 Rb3 36. Rxa7 Rxb5 37. Rab7 Rb2 38. Qf3 Qg6 39. h4 Rb5 40. Rec7 Rf5 41. Qe3 Rf6 42. Rc3 Rd8 43. Rb3 Rdd6 44. Qe8+ Kh7 45. Re3 Rd2 46. Re2 Rxe2 47. Qxe2 Qf5 48. Rb8 Re6 49. Qc4 Rf6 50. Qe2 h5 51. Rd8 Re6 52. Qd2 Qe4+ 53. Kh2 Qe2 54. Qd4 Rf6 55. Kg2 Qf3+ 56. Kg1 Re6 57. Qd2 Re2 58. Qd3+ Qxd3 59. Rxd3 Re7 60. Rb3 Rb7 61. Rb5 g6 62. Kg2 Kg7 63. g4 hxg4 64. Kg3 f5 65. Kf4 Kh6 66. Ke5 Rb8 67. Kf6 Kh5 68. Kg7 Rc8 69. Rxb6 f4 70. Rb4 g3 71. fxg3 fxg3 72. Kf6 Rf8+ 0-1

[Event "Soacha op-A"]
[Site "Soacha"]
[Date "2021.09.11"]
[Round "7"]
[White "Brizuela Abreu, Ronald Jesus"]
[Black "Fernandez Reyes, Lisandro"]
[Result "1-0"]
[WhiteElo "2349"]
[BlackElo "2379"]
[PlyCount "82"]
[EventDate "2021.09.08"]
[EventType "swiss"]
[EventRounds "10"]
[EventCountry "COL"]
[SourceTitle "CBM 204 Extra"]
[Source "ChessBase"]
[SourceDate "2021.11.30"]
[SourceVersion "1"]
[SourceVersionDate "2021.11.30"]
[SourceQuality "1"]

1. d4 Nf6 2. c4 d6 3. Nf3 g6 4. g3 Bg7 5. Bg2 0-0 6. Nc3 c6 7. 0-0 Bf5 8. Ne1 Qc8 9. e4 Bh3 10. Bxh3 Qxh3 11. f3 e5 12. d5 cxd5 13. cxd5 Na6 14. Be3 h5 15. Qe2 Ne8 16. Nd3 Qd7 17. a4 f5 18. Nb5 Nac7 19. Nxa7 Nf6 20. Bb6 Bh6 21. a5 Nb5 22. Nxe5 dxe5 23. Nxb5 Rac8 24. Nc3 h4 25. Rad1 hxg3 26. hxg3 Nh5 27. Qh2 Rxc3 28. bxc3 fxe4 29. fxe4 Qg4 30. Qh4 Qe2 31. Rxf8+ Bxf8 32. Rf1 Bh6 33. Rf2 Qe1+ 34. Kg2 Bf4 35. gxf4 Qxe4+ 36. Kh2 exf4 37. d6 Ng3 38. Qd8+ Kf7 39. Qe7+ Qxe7 40. Rxf4+ Nf5 41. dxe7 Ke8 1-0

[Event "Soacha op-A"]
[Site "Soacha"]
[Date "2021.09.10"]
[Round "5"]
[White "Garcia Pantoja, Roberto"]
[Black "Brizuela Abreu, Ronald Jesus"]
[Result "1/2-1/2"]
[WhiteElo "2522"]
[BlackElo "2349"]
[PlyCount "152"]
[EventDate "2021.09.08"]
[EventType "swiss"]
[EventRounds "10"]
[EventCountry "COL"]
[SourceTitle "CBM 204 Extra"]
[Source "ChessBase"]
[SourceDate "2021.11.30"]
[SourceVersion "1"]
[SourceVersionDate "2021.11.30"]
[SourceQuality "1"]

1. e4 e6 2. d4 d5 3. Nc3 Nf6 4. e5 Nfd7 5. f4 c5 6. Nf3 Nc6 7. Be3 a6 8. Qd2 b5 9. Be2 Qb6 10. Nd1 b4 11. 0-0 a5 12. Nf2 cxd4 13. Nxd4 Bc5 14. c3 g6 15. Kh1 Ba6 16. Nd3 Bxd4 17. cxd4 Rc8 18. Rac1 0-0 19. Rc2 Ne7 20. Rfc1 Rxc2 21. Rxc2 Rc8 22. Rxc8+ Nxc8 23. Bd1 Ne7 24. g4 Qb5 25. Bc2 Qc6 26. Kg2 Qc4 27. b3 Qc6 28. Kg3 Kf8 29. h3 Qc7 30. Ne1 Qc6 31. a3 Qb6 32. axb4 Qxb4 33. Nf3 Qxd2 34. Bxd2 Nc6 35. Kf2 Kg7 36. f5 Bb5 37. Ke3 Nb4 38. Bb1 Nc6 39. h4 a4 40. bxa4 Bxa4 41. Bd3 gxf5 42. gxf5 exf5 43. Bxf5 Nb6 44. Bd3 Nd7 45. Ng5 Nf8 46. Nh3 Ne6 47. Bc3 Ne7 48. Nf4 Nxf4 49. Kxf4 Bd7 50. h5 Be6 51. Bb4 Nc6 52. Bc5 Na5 53. Bb6 Nc6 54. Bb5 Bd7 55. Be2 Be6 56. Bc5 Bd7 57. Kg5 h6+ 58. Kf4 Be6 59. Bb5 Nb8 60. Be7 Nd7 61. Bd8 Kg8 62. Bf6 Kf8 63. Be2 Nb8 64. Ke3 Nc6 65. Kd3 Ne7 66. Bxe7+ Kxe7 67. Kc3 f6 68. Kb4 fxe5 69. dxe5 Bf7 70. Kc5 Ke6 71. Kd4 Kf5 72. Bf3 Kf4 73. Bd1 Kf5 74. Be2 Kf4 75. Bd1 Kf5 76. Bf3 Kf4 1/2-1/2

[Event "Soacha op-A"]
[Site "Soacha"]
[Date "2021.09.10"]
[Round "6"]
[White "Malka, Samuel"]
[Black "Brizuela Abreu, Ronald Jesus"]
[Result "0-1"]
[WhiteElo "2231"]
[BlackElo "2349"]
[PlyCount "118"]
[EventDate "2021.09.08"]
[EventType "swiss"]
[EventRounds "10"]
[EventCountry "COL"]
[SourceTitle "CBM 204 Extra"]
[Source "ChessBase"]
[SourceDate "2021.11.30"]
[SourceVersion "1"]
[SourceVersionDate "2021.11.30"]
[SourceQuality "1"]

1. d4 Nf6 2. c4 e6 3. g3 c5 4. d5 exd5 5. cxd5 d6 6. Nc3 g6 7. Bg2 Bg7 8. Nf3 0-0 9. 0-0 Re8 10. Bf4 Na6 11. Re1 Ne4 12. Nxe4 Rxe4 13. Nd2 Rxf4 14. gxf4 Bxb2 15. Rb1 Bg7 16. e4 Rb8 17. e5 Bf5 18. Rb3 Nb4 19. Be4 Bd7 20. a3 Na6 21. Qb1 b5 22. e6 fxe6 23. dxe6 Be8 24. e7 Qd7 25. Bd5+ Kh8 26. Be6 Qxe7 27. Bc8 Qf7 28. Bxa6 Qxf4 29. Bxb5 Bxb5 30. Rxb5 Rf8 31. Re2 Be5 32. f3 Bd4+ 33. Kh1 d5 34. Qe1 c4 35. Qg3 Qf5 36. Rb8 Rxb8 37. Qxb8+ Kg7 38. Re7+ Kh6 39. Qg8 c3 40. Qxh7+ Kg5 41. h4+ Kf4 42. Rf7 Bf6 43. Qh6+ Kg3 44. Nf1+ Kf2 45. Qe3+ Kxf1 46. Qg1+ Ke2 47. Qg2+ Ke3 48. Kg1 Qb1+ 49. Kh2 Qe1 50. Rxf6 Qxh4+ 51. Kg1 Qxf6 52. Qf2+ Kd3 53. Qf1+ Kc2 54. Qe2+ Kb1 55. Qd1+ Kb2 56. Qxd5 Qb6+ 57. Kg2 c2 58. Qd2 Kb1 59. Qd3 Qb2 0-1

[Event "Medellin Tierra de Atletas-B"]
[Site "Medellin"]
[Date "2020.12.15"]
[Round "8"]
[White "Brizuela Abreu, Ronald Jesus"]
[Black "Malka, Samuel"]
[Result "1-0"]
[WhiteElo "2361"]
[BlackElo "2203"]
[PlyCount "87"]
[EventDate "2020.12.10"]
[EventType "tourn"]
[EventRounds "11"]
[EventCountry "COL"]
[EventCategory "2"]
[SourceTitle "CBM 199 Extra"]
[Source "ChessBase"]
[SourceDate "2021.01.31"]
[SourceVersion "1"]
[SourceVersionDate "2021.01.31"]
[SourceQuality "1"]

1. d4 Nf6 2. c4 g6 3. Nc3 Bg7 4. e4 d6 5. f3 0-0 6. Be3 c5 7. dxc5 dxc5 8. Bxc5 Nc6 9. Be3 Qa5 10. Kf2 Rd8 11. Qa4 Qxa4 12. Nxa4 b6 13. Rc1 Nd7 14. Ne2 Bb7 15. Nec3 Nd4 16. Be2 Nc5 17. Rhd1 f5 18. Nxc5 bxc5 19. exf5 gxf5 20. f4 e6 21. Bf3 Bxf3 22. gxf3 Rab8 23. Na4 Rbc8 24. Rd2 Rd6 25. Rcd1 Ra6 26. b3 Rxa4 27. bxa4 Rb8 28. Rc1 a5 29. Bxd4 Bxd4+ 30. Rxd4 cxd4 31. c5 Kf7 32. c6 Ke7 33. c7 Rc8 34. Ke2 Kd6 35. Kd3 Kd5 36. Rc2 h5 37. h4 e5 38. fxe5 Kxe5 39. Rc5+ Kf4 40. Kxd4 Kg3 41. Ke5 f4 42. Kd6 Kxf3 43. Rxh5 Kg4 44. Rh7 1-0

[Event "Medellin Tierra de Atletas-B"]
[Site "Medellin"]
[Date "2020.12.14"]
[Round "7"]
[White "Palencia Morales, Wilson Guillermo"]
[Black "Brizuela Abreu, Ronald Jesus"]
[Result "1/2-1/2"]
[WhiteElo "2340"]
[BlackElo "2361"]
[PlyCount "33"]
[EventDate "2020.12.10"]
[EventType "tourn"]
[EventRounds "11"]
[EventCountry "COL"]
[EventCategory "2"]
[SourceTitle "CBM 199 Extra"]
[Source "ChessBase"]
[SourceDate "2021.01.31"]
[SourceVersion "1"]
[SourceVersionDate "2021.01.31"]
[SourceQuality "1"]

1. e4 e6 2. d4 d5 3. exd5 exd5 4. Bd3 Bd6 5. Qe2+ Qe7 6. Qxe7+ Nxe7 7. Ne2 Bf5 8. Bxf5 Nxf5 9. c3 c6 10. Bf4 Bxf4 11. Nxf4 f6 12. f3 Kf7 13. Kf2 Nd7 14. Nd2 Rhe8 15. Rhe1 Nd6 16. Rxe8 Rxe8 17. Re1 1/2-1/2

[Event "Medellin Tierra de Atletas-B"]
[Site "Medellin"]
[Date "2020.12.13"]
[Round "6"]
[White "Brizuela Abreu, Ronald Jesus"]
[Black "Mateus Urbano, Luis Alejandro"]
[Result "1-0"]
[WhiteElo "2361"]
[BlackElo "2353"]
[PlyCount "60"]
[EventDate "2020.12.10"]
[EventType "tourn"]
[EventRounds "11"]
[EventCountry "COL"]
[EventCategory "2"]
[SourceTitle "CBM 199 Extra"]
[Source "ChessBase"]
[SourceDate "2021.01.31"]
[SourceVersion "1"]
[SourceVersionDate "2021.01.31"]
[SourceQuality "1"]

1. d4 Nf6 2. c4 e6 3. Nc3 Bb4 4. e3 0-0 5. Nge2 Re8 6. g3 d5 7. a3 Bf8 8. cxd5 exd5 9. Bg2 a5 10. 0-0 Na6 11. Nf4 c6 12. f3 Nc7 13. Nd3 g6 14. Kh1 Bg7 15. Re1 Bf5 16. Nf2 h5 17. Bd2 b6 18. Na4 Nb5 19. Rc1 Qc7 20. Qb3 Qb7 21. Bf1 Bd7 22. Nd3 Nh7 23. Bg2 Rab8 24. Qd1 Nd6 25. b3 Nb5 26. Ra1 Bf5 27. Bf1 Ng5 28. Nf2 Qd7 29. Ra2 Nh3 30. Bxh3 Bxh3 1-0

[Event "Medellin Tierra de Atletas-B"]
[Site "Medellin"]
[Date "2020.12.10"]
[Round "1"]
[White "Brizuela Abreu, Ronald Jesus"]
[Black "Heredia Serrano, Carla Sofia"]
[Result "1/2-1/2"]
[WhiteElo "2361"]
[BlackElo "2114"]
[PlyCount "111"]
[EventDate "2020.12.10"]
[EventType "tourn"]
[EventRounds "11"]
[EventCountry "COL"]
[EventCategory "2"]
[SourceTitle "CBM 199 Extra"]
[Source "ChessBase"]
[SourceDate "2021.01.31"]
[SourceVersion "1"]
[SourceVersionDate "2021.01.31"]
[SourceQuality "1"]

1. d4 d5 2. e3 Nf6 3. f4 c5 4. c3 Nc6 5. Bd3 Bg4 6. Nf3 e6 7. 0-0 Be7 8. Qe1 Bf5 9. Qe2 Bxd3 10. Qxd3 Ne4 11. Ne5 f6 12. Nxc6 bxc6 13. Nd2 Nxd2 14. Bxd2 f5 15. dxc5 Bxc5 16. b4 Be7 17. Rfd1 Qb6 18. c4 Bf6 19. Bc3 0-0 20. c5 Qc7 21. Bxf6 Rxf6 22. Rab1 Rd8 23. Qd4 e5 24. Qxe5 Qxe5 25. fxe5 Re6 26. b5 cxb5 27. Rxb5 Rxe5 28. Kf2 Kf7 29. Rd4 Re7 30. Ra4 Ke6 31. Ke2 Rc8 32. Kd3 Ke5 33. Ra6 g5 34. Rh6 Rec7 35. Ra5 Rxc5 36. Rxa7 Rc3+ 37. Ke2 Rc2+ 38. Kf3 g4+ 39. Kg3 R8c7 40. Ra8 Re7 41. h3 Rc3 42. hxg4 Rxe3+ 43. Kf2 f4 44. Rf8 Rg3 45. Rf5+ Ke4 46. Rd6 Re5 47. Rd7 Ra3 48. Rxe5+ Kxe5 49. Re7+ Kf6 50. Rxh7 Ke5 51. Re7+ Kf6 52. Re8 d4 53. Re4 Kg5 54. Rxd4 Rxa2+ 55. Kg1 Kxg4 56. Rd8 1/2-1/2

[Event "Titled Tuesday intern op 3rd March"]
[Site "Chess.com INT"]
[Date "2020.03.03"]
[Round "4"]
[White "Brizuela Abreu, Ronald Jesus"]
[Black "Radzhabov, Rodion"]
[Result "1-0"]
[WhiteElo "2361"]
[BlackElo "2364"]
[PlyCount "72"]
[EventDate "2020.03.03"]
[EventType "swiss (blitz)"]
[EventRounds "10"]
[EventCountry "USA"]
[SourceTitle "EXT 2021"]
[Source "ChessBase"]
[SourceDate "2020.10.23"]
[SourceVersion "1"]
[SourceVersionDate "2020.10.23"]
[SourceQuality "1"]

1. d4 Nf6 2. c4 e6 3. Nc3 d5 4. Nf3 c6 5. e3 Nbd7 6. Qc2 b6 7. Bd3 Bb7 8. 0-0 dxc4 9. Bxc4 c5 10. Qe2 a6 11. a4 Be7 12. Rd1 0-0 13. d5 exd5 14. Nxd5 Nxd5 15. Bxd5 Bxd5 16. Rxd5 Qc7 17. e4 Nf6 18. Rd1 Rfd8 19. e5 Rxd1+ 20. Qxd1 Rd8 21. Qe2 Nd5 22. Qxa6 Nb4 23. Qe2 Qd7 24. Bd2 Nd3 25. Bc3 Nf4 26. Qf1 Qg4 27. Kh1 Rd3 28. Ng1 Qh5 29. g3 Bg5 30. a5 bxa5 31. Rxa5 h6 32. Ra8+ Kh7 33. gxf4 Bxf4 34. Qxd3+ g6 35. Qh3 Qd1 36. e6 f6 1-0

[Event "Titled Tuesday intern op 3rd March"]
[Site "Chess.com INT"]
[Date "2020.03.03"]
[Round "2"]
[White "Brizuela Abreu, Ronald Jesus"]
[Black "Vazquez, Guillermo"]
[Result "0-1"]
[WhiteElo "2361"]
[BlackElo "2527"]
[PlyCount "106"]
[EventDate "2020.03.03"]
[EventType "swiss (blitz)"]
[EventRounds "10"]
[EventCountry "USA"]
[SourceTitle "EXT 2021"]
[Source "ChessBase"]
[SourceDate "2020.10.23"]
[SourceVersion "1"]
[SourceVersionDate "2020.10.23"]
[SourceQuality "1"]

1. d4 Nf6 2. c4 e6 3. Nc3 Bb4 4. e3 0-0 5. Nge2 Re8 6. a3 Bf8 7. g3 d5 8. cxd5 exd5 9. Bg2 c6 10. 0-0 Bf5 11. Nf4 Nbd7 12. f3 Bd6 13. g4 Bg6 14. Nxg6 hxg6 15. e4 dxe4 16. fxe4 Qb6 17. Kh1 Rad8 18. b4 Bb8 19. Be3 Qc7 20. Bg1 Nb6 21. h3 Qe7 22. Qf3 Nh7 23. Rae1 Ng5 24. Qd3 Ne6 25. d5 Nf4 26. Qf3 g5 27. Rd1 Nc4 28. Ne2 Ne5 29. Qe3 Neg6 30. Nxf4 Nxf4 31. dxc6 bxc6 32. Rxd8 Qxd8 33. e5 Rxe5 34. Qf3 Qd5 35. Qxd5 cxd5 36. Rc1 Re8 37. Bf3 a6 38. Bd4 Be5 39. Bxe5 Rxe5 40. a4 Re3 41. Bg2 Rb3 42. b5 axb5 43. axb5 Rxb5 44. Rd1 g6 45. Rd4 Kg7 46. h4 Kf6 47. hxg5+ Kxg5 48. Bf3 Rb3 49. Bxd5 Nxd5 50. Rxd5+ Kxg4 51. Rd6 Kg3 52. Rd1 Kh3 53. Rg1 Rf3 0-1

[Event "Titled Tuesday intern op 3rd March"]
[Site "Chess.com INT"]
[Date "2020.03.03"]
[Round "6"]
[White "Vovk, Orest"]
[Black "Brizuela Abreu, Ronald Jesus"]
[Result "1-0"]
[WhiteElo "2315"]
[BlackElo "2361"]
[PlyCount "151"]
[EventDate "2020.03.03"]
[EventType "swiss (blitz)"]
[EventRounds "10"]
[EventCountry "USA"]
[SourceTitle "EXT 2021"]
[Source "ChessBase"]
[SourceDate "2020.10.23"]
[SourceVersion "1"]
[SourceVersionDate "2020.10.23"]
[SourceQuality "1"]

1. g4 d5 2. Bg2 c6 3. h3 Nf6 4. d4 h6 5. Bf4 e6 6. Nf3 Bd6 7. Bxd6 Qxd6 8. Nc3 Nbd7 9. Qd3 e5 10. e4 exd4 11. Qxd4 c5 12. Qd3 d4 13. Nb5 Qb6 14. e5 Nd5 15. Nd6+ Ke7 16. Nxd4 cxd4 17. Nf5+ Kf8 18. Qa3+ Qb4+ 19. Qxb4+ Nxb4 20. Nxd4 Nxe5 21. 0-0-0 g5 22. Rhe1 Nbc6 23. Nxc6 Nxc6 24. Bxc6 bxc6 25. Rd6 Be6 26. Rxc6 Kg7 27. Rc7 Kf6 28. Re3 h5 29. f3 hxg4 30. hxg4 Rh1+ 31. Kd2 Rh2+ 32. Kc3 a5 33. a4 Rd8 34. b3 Rdd2 35. Kb2 Rd5 36. Rcc3 Rh1 37. Rc6 Rdd1 38. Re4 Rb1+ 39. Kc3 Rh2 40. Kd4 Rd1+ 41. Kc3 Rf1 42. Re3 Rh3 43. Rc5 Rfxf3 44. Rxf3+ Rxf3+ 45. Kb2 Bxg4 46. Rxa5 Be6 47. Ra8 g4 48. Rg8 Rf4 49. a5 Rd4 50. a6 Rd6 51. a7 Bd5 52. Rxg4 Ba8 53. Rg8 Bd5 54. a8Q Bxa8 55. Rxa8 Ke7 56. b4 f5 57. Ra1 Kd7 58. c4 Kc6 59. Kc3 Re6 60. Rf1 Re5 61. Kd4 Re4+ 62. Kd3 Re5 63. Rf4 Kd6 64. Kd4 Ke6 65. Rh4 Re1 66. Rh6+ Kf7 67. b5 f4 68. Rh4 Rf1 69. Ke4 Ke6 70. Rxf4 Rd1 71. Ke3 Kd6 72. Rf5 Kc7 73. Rd5 Rc1 74. Kd4 Kb6 75. Rd6+ Ka5 76. Kc5 1-0

[Event "VEN-ch"]
[Site "Guatire"]
[Date "2020.01.30"]
[Round "9"]
[White "Brizuela Abreu, Ronald Jesus"]
[Black "Zowain Aguilar, Luis Alfonso"]
[Result "1/2-1/2"]
[WhiteElo "2375"]
[BlackElo "2305"]
[PlyCount "26"]
[EventDate "2020.01.25"]
[EventType "tourn"]
[EventRounds "9"]
[EventCountry "VEN"]
[EventCategory "1"]
[SourceTitle "CBM 194 Extra"]
[Source "ChessBase"]
[SourceDate "2020.03.31"]
[SourceVersion "1"]
[SourceVersionDate "2020.03.31"]
[SourceQuality "1"]

1. d4 g6 2. c4 Bg7 3. Nc3 c5 4. d5 d6 5. e4 Na6 6. Bd3 Nc7 7. h3 a6 8. a4 Bd7 9. a5 Rb8 10. Nf3 e5 11. Na4 Na8 12. Bd2 b5 13. axb6 Nxb6 1/2-1/2